000 00757nam a2200241Ia 4500
003 GCL
008 140319s9999 xx 000 0 ara d
040 _aGCL /
_cGCL
082 0 4 _a345.05
_bع م
100 1 _aعبدالحميد المنشاوى
245 1 0 _aالمرجع العلمى فى اجراءات التحقيق الجنائى /
_cعبدالحميد المنشاوى
260 _a[S.N] :
_bدار الفكر الجامعى ،
_c1992
300 _a327 ص
490 _a
650 0 4 _aالقانون الجنائى
650 0 4 _aالقانون
650 0 4 _aالاسلحة
650 0 4 _aالقتل
650 0 4 _aالسرقة
650 0 4 _aقانون الاجراءات الجنائية
650 0 4 _aالتزوير
942 _2ddc
_cBK
999 _c55982
_d55982